000 00770nam a22001815i 4500
001 151793
003 ES-MaACL
005 20250809025046.0
008 990729s1896 sp |||| | spa d
040 _aCCPB | B
_bspa
_cCCPB | B
245 0 0 _aBeligerantes y neutrales, rebeldes y amigos
_b: estudio de derecho internacional público /
_cescrito por un aficionado.
260 _aMadrid :
_b[s.n.],
_c1896 (
_fEstablecimiento tipográfico de "El Liberal")
300 _a42 p. ;
_c23 cm.
650 7 _aDerecho internacional público
_2embne
_911723
752 _aEspaña -
_dMadrid
852 _aES-MaACL
_jT-797-F-2
_z-- Enc. hol. conservando la cub. original
_z-- Dedic. ms. de "el autor Cristóbal F. Vallin"
_z-- Enc. en un vol. facticio
999 _c151793
_d151793